00650nam a22002177a 450000500170000001000130001702000220003003500130005203700160006504000120008108200180009310000200011124501180013126000410024927000360029030000330032650000190035965000200037865000150039870000190041320170124110049.0 aA-735691 c00.00a8172243499 aA-735691 bCen Lib/Ret aDPLbEN a658.4093bREY aReynolds, Helen aExecutive time management :cby Helen Reynolds [and] Mary E Tramelbgetting 12-hours' work out of an 8-hour day / aBombaybJaico Publishing Housec1994 a121, M. G. RoadbBombaye400023 axiv,174p. :c21cm(Hb)bill.  aIncludes index aTime management aManagement aTramel, Mary E